[Event "MDA-ch (Women)"]
[Site "Kishinev"]
[Date "2024.02.05"]
[Round "3"]
[White "Bitca, Emilia"]
[Black "Comarnitcaia, Ecaterina"]
[Result "0-1"]
[WhiteElo "1607"]
[BlackElo "1378"]
[PlyCount "106"]
[EventDate "2024.02.03"]
[EventType "swiss"]
[EventRounds "7"]
[EventCountry "MDA"]
[SourceTitle "CBM 218 Extra"]
[Source "ChessBase"]
[SourceDate "2024.03.31"]
[SourceVersion "1"]
[SourceVersionDate "2024.03.31"]
[SourceQuality "1"]

1. e4 e6 2. d4 d5 3. Nc3 Nf6 4. e5 Nfd7 5. f4 c5 6. Nf3 Nc6 7. Be3 cxd4 8. Nxd4 Bc5 9. Qd2 Bxd4 10. Bxd4 Nxd4 11. Qxd4 Qb6 12. Qxb6 Nxb6 13. Nb5 Ke7 14. Nd4 Bd7 15. Bd3 Bc6 16. Kd2 a5 17. Rhf1 Nd7 18. Rf3 g5 19. Re1 gxf4 20. Rxf4 h5 21. Nf3 Rag8 22. g3 Rg4 23. Ke2 Rhg8 24. Kf2 Nc5 25. Nd4 h4 26. Kf3 Rxf4+ 27. gxf4 f5 28. exf6+ Kxf6 29. b3 Be8 30. Bf1 Bh5+ 31. Ke3 Bg6 32. Bh3 Bf7 33. Nf3 Ne4 34. Nd2 Rc8 35. Nxe4+ dxe4 36. Re2 Rc3+ 37. Kxe4 Rxh3 38. Kd4 Rf3 39. Ke4 Rc3 40. Kd4 Rc6 41. c4 b6 42. Re5 Rd6+ 43. Kc3 Rc6 44. a3 Ke7 45. Rg5 Rc5 46. Rxc5 bxc5 47. b4 axb4+ 48. axb4 cxb4+ 49. Kxb4 Kd6 50. Kc3 Kc5 51. Kd3 Bg6+ 52. Ke3 Bf5 53. Ke2 Kxc4 0-1

[Event "MDA-ch (Women)"]
[Site "Kishinev"]
[Date "2024.02.03"]
[Round "1"]
[White "Petrenko, Svetlana"]
[Black "Comarnitcaia, Ecaterina"]
[Result "1-0"]
[WhiteElo "2014"]
[BlackElo "1378"]
[PlyCount "61"]
[EventDate "2024.02.03"]
[EventType "swiss"]
[EventRounds "7"]
[EventCountry "MDA"]
[SourceTitle "CBM 218 Extra"]
[Source "ChessBase"]
[SourceDate "2024.03.31"]
[SourceVersion "1"]
[SourceVersionDate "2024.03.31"]
[SourceQuality "1"]

1. c4 Nf6 2. g3 g6 3. Bg2 Bg7 4. Nc3 Nc6 5. d4 d6 6. e3 0-0 7. Nge2 e5 8. d5 Ne7 9. e4 Nd7 10. Be3 f5 11. Qd2 fxe4 12. Nxe4 Nf5 13. Bg5 Qe8 14. 0-0 Nf6 15. Nxf6+ Bxf6 16. Bxf6 Rxf6 17. Nc3 Bd7 18. Rae1 Qf8 19. f4 exf4 20. Qxf4 Rf7 21. Ne4 Kh8 22. Ng5 Re7 23. g4 Rxe1 24. Rxe1 Nh6 25. Qxf8+ Rxf8 26. Re7 Bxg4 27. Rxh7+ Kg8 28. Rxh6 Bh5 29. Bh3 Rf4 30. b3 Bg4 31. Rxg6+ 1-0

[Event "Wch U14 Girls"]
[Site "Montesilvano"]
[Date "2023.11.16"]
[Round "4"]
[White "Comarnitcaia, Ecaterina"]
[Black "Andries, Alexia"]
[Result "0-1"]
[WhiteElo "1424"]
[BlackElo "1750"]
[PlyCount "96"]
[EventDate "2023.11.13"]
[EventType "swiss"]
[EventRounds "11"]
[EventCountry "ITA"]
[SourceTitle "CBM 217 Extra"]
[Source "ChessBase"]
[SourceDate "2024.01.31"]
[SourceVersion "1"]
[SourceVersionDate "2024.01.31"]
[SourceQuality "1"]

1. e4 c5 2. Nf3 Nc6 3. d4 cxd4 4. Nxd4 Nf6 5. Nc3 d6 6. h3 e5 7. Nb3 Be6 8. Be3 Be7 9. Be2 0-0 10. 0-0 a5 11. a4 Nb4 12. Bd3 Nxd3 13. cxd3 d5 14. Bc5 d4 15. Bxe7 Qxe7 16. Na2 b6 17. Nd2 Rac8 18. b3 Nd7 19. Nc4 Qg5 20. Qf3 f5 21. exf5 Rxf5 22. Qg4 Qe7 23. Qe2 Rcf8 24. Nc1 Rg5 25. Kh2 Bd5 26. f3 Qf6 27. Qf2 Qg6 28. Ra2 Rh5 29. Re2 Rhf5 30. Qe1 Qf6 31. Kg1 h5 32. Na2 Bxc4 33. bxc4 Nc5 34. Qd1 Qc6 35. Rfe1 Qg6 36. Rf2 h4 37. Nc1 Rg5 38. Qc2 Qf5 39. Ref1 Qxh3 40. f4 exf4 41. Rxf4 Qe3+ 42. R4f2 h3 43. Kh2 Rxg2+ 44. Rxg2 Rxf1 45. Rd2 Qg1+ 46. Kxh3 Rf3+ 47. Kh4 Qg3+ 48. Kh5 Rf5# 0-1

[Event "Wch U14 Girls"]
[Site "Montesilvano"]
[Date "2023.11.15"]
[Round "3"]
[White "Caku, Kler"]
[Black "Comarnitcaia, Ecaterina"]
[Result "1/2-1/2"]
[WhiteElo "1740"]
[BlackElo "1424"]
[PlyCount "87"]
[EventDate "2023.11.13"]
[EventType "swiss"]
[EventRounds "11"]
[EventCountry "ITA"]
[SourceTitle "CBM 217 Extra"]
[Source "ChessBase"]
[SourceDate "2024.01.31"]
[SourceVersion "1"]
[SourceVersionDate "2024.01.31"]
[SourceQuality "1"]

1. e4 e5 2. Nf3 Nf6 3. Nxe5 d6 4. Nf3 Nxe4 5. c3 d5 6. d3 Nf6 7. Be2 Bd6 8. 0-0 0-0 9. Bg5 h6 10. Bh4 Be6 11. Re1 Nbd7 12. Nbd2 Re8 13. Nf1 Nf8 14. Bg3 Ng6 15. Qd2 Nh5 16. Bxd6 Qxd6 17. Nd4 Nhf4 18. Nxe6 Nxe2+ 19. Rxe2 Rxe6 20. Rxe6 Qxe6 21. Re1 Qd7 22. Qe3 b6 23. Ng3 Kf8 24. Kf1 Re8 25. Qxe8+ Qxe8 26. Rxe8+ Kxe8 27. Nf5 Kf8 28. g3 Ne7 29. Nd4 c5 30. Nb5 Nc6 31. Ke2 Ke7 32. Nc7 d4 33. f4 g6 34. Kf3 Kd7 35. Nd5 Ke6 36. Nc7+ Kd7 37. Nb5 a6 38. Na3 b5 39. Nc2 Ke6 40. cxd4 cxd4 41. g4 Kd5 42. a3 a5 43. b4 a4 44. Ke2 1/2-1/2

[Event "MDA-ch (Women)"]
[Site "Kishinev"]
[Date "2023.02.11"]
[Round "8"]
[White "Laricov, Vlada"]
[Black "Comarnitcaia, Ecaterina"]
[Result "1-0"]
[WhiteElo "1167"]
[BlackElo "1404"]
[PlyCount "61"]
[EventDate "2023.02.04"]
[EventType "match"]
[EventRounds "9"]
[EventCountry "MDA"]
[SourceTitle "CBM 212 Extra"]
[Source "ChessBase"]
[SourceDate "2023.03.31"]
[SourceVersion "1"]
[SourceVersionDate "2023.03.31"]
[SourceQuality "1"]

1. g3 d5 2. Nf3 c5 3. Bg2 Nf6 4. 0-0 g6 5. c3 Bg7 6. d3 0-0 7. Nbd2 Nc6 8. d4 c4 9. Re1 e6 10. e4 b5 11. a3 Bb7 12. exd5 Nxd5 13. Ne5 Qc7 14. Nxc6 Bxc6 15. Nf3 Rad8 16. Qe2 Rfe8 17. Ne5 Bxe5 18. Qxe5 Qxe5 19. dxe5 Ne7 20. Bf4 Bxg2 21. Kxg2 Nd5 22. Bg5 Rd7 23. Rad1 Rb7 24. Rd4 Kg7 25. Rh4 Rc8 26. Ree4 Nb6 27. Bf6+ Kg8 28. Rh6 Na4 29. Rxh7 Kxh7 30. Rh4+ Kg8 31. Rh8# 1-0

[Event "MDA-ch (Women)"]
[Site "Kishinev"]
[Date "2023.02.08"]
[Round "5"]
[White "Dabija, Paula"]
[Black "Comarnitcaia, Ecaterina"]
[Result "0-1"]
[WhiteElo "1271"]
[BlackElo "1404"]
[PlyCount "100"]
[EventDate "2023.02.04"]
[EventType "match"]
[EventRounds "9"]
[EventCountry "MDA"]
[SourceTitle "CBM 212 Extra"]
[Source "ChessBase"]
[SourceDate "2023.03.31"]
[SourceVersion "1"]
[SourceVersionDate "2023.03.31"]
[SourceQuality "1"]

1. d4 Nf6 2. Bf4 d6 3. e3 g6 4. Nf3 Bg7 5. Be2 Nfd7 6. h3 h6 7. Bh2 0-0 8. 0-0 e5 9. c4 f5 10. Qd2 Nc6 11. Nc3 e4 12. Ne1 Nf6 13. d5 Ne7 14. b4 Kh7 15. Nc2 g5 16. Nd4 Ng6 17. Qc2 Ne5 18. Rad1 g4 19. hxg4 Nfxg4 20. Bg3 h5 21. Bxg4 Nxg4 22. Nce2 h4 23. Bf4 Be5 24. Kh1 Rg8 25. Ng1 Qe8 26. Nh3 Qg6 27. Rg1 Bxd4 28. Rxd4 Ne5 29. a3 Nd3 30. c5 dxc5 31. bxc5 c6 32. d6 Be6 33. Ng5+ Kh8 34. Rxd3 exd3 35. Qc3+ Rg7 36. Nxe6 Qxe6 37. Be5 Rag8 38. Bxg7+ Rxg7 39. Rb1 Qd5 40. f3 Qa2 41. Rb2 Qa1+ 42. Kh2 Kh7 43. Qb4 Kg8 44. Rb3 Qf1 45. Qd2 h3 46. g3 Qxf3 47. Rb1 Qxg3+ 48. Kh1 Qf3+ 49. Kh2 Rg2+ 50. Qxg2+ Qxg2# 0-1

[Event "MDA-ch (Women)"]
[Site "Kishinev"]
[Date "2023.02.05"]
[Round "2"]
[White "Comarnitcaia, Ecaterina"]
[Black "Petricenco, Ana"]
[Result "0-1"]
[WhiteElo "1404"]
[BlackElo "1832"]
[PlyCount "42"]
[EventDate "2023.02.04"]
[EventType "match"]
[EventRounds "9"]
[EventCountry "MDA"]
[SourceTitle "CBM 212 Extra"]
[Source "ChessBase"]
[SourceDate "2023.03.31"]
[SourceVersion "1"]
[SourceVersionDate "2023.03.31"]
[SourceQuality "1"]

1. e4 c5 2. Nf3 Nc6 3. d4 cxd4 4. Nxd4 Qb6 5. Nxc6 dxc6 6. b3 Nf6 7. Bd3 e5 8. h3 Bb4+ 9. c3 Bc5 10. 0-0 Be6 11. Qe2 0-0 12. Ba3 g6 13. Bc4 Nh5 14. Kh2 Nf4 15. Bxc5 Qxc5 16. Qe3 Qxe3 17. fxe3 Bxc4 18. bxc4 Ne6 19. Rd1 Nc5 20. Nd2 Rfd8 21. Kg3 Rxd2 0-1

[Event "MDA-ch (Women)"]
[Site "Kishinev"]
[Date "2023.02.04"]
[Round "1"]
[White "Cazacu, Raluca Cristiana"]
[Black "Comarnitcaia, Ecaterina"]
[Result "1/2-1/2"]
[WhiteElo "1279"]
[BlackElo "1404"]
[PlyCount "46"]
[EventDate "2023.02.04"]
[EventType "match"]
[EventRounds "9"]
[EventCountry "MDA"]
[SourceTitle "CBM 212 Extra"]
[Source "ChessBase"]
[SourceDate "2023.03.31"]
[SourceVersion "1"]
[SourceVersionDate "2023.03.31"]
[SourceQuality "1"]

1. e4 g6 2. d4 Bg7 3. Nf3 d6 4. Nc3 c6 5. Bd3 Nf6 6. 0-0 0-0 7. Re1 Nbd7 8. e5 dxe5 9. dxe5 Nd5 10. Nxd5 cxd5 11. Qe2 Nc5 12. Rd1 Nxd3 13. Qxd3 Bf5 14. Qb3 Qc7 15. c3 e6 16. Re1 b6 17. Bf4 Be4 18. Qd1 Rac8 19. Nd2 Bd3 20. Nf3 Be4 21. Nd2 Bd3 22. Nf3 Be4 23. Nd2 Bd3 1/2-1/2